Statistiche per Riconosci l'Allenatore dalla Carriera - Italia - Quiz n°1

Clicka qui per fare il quiz!

Statistiche generali

  • Questo quiz è stato fatto 85 volte
  • Il punteggio medio è 10 su 15

Statistiche sulle risposte

CarrieraRisposta% Corretto
Aglianese 2003-2004, SPAL 2004-2005, Grosseto 2005, Grosseto 2006, Sassuolo 2007-2008, Cagliari 2008-2010, Milan 2010-2014, Juventus 2014-2019, Juventus 2021-Massimiliano Allegri
100%
Empoli 1994, Empoli 1995-1998, Sampdoria 1998-1999, Venezia 1999-2000, Udinese 2001, Roma 2005-2009, Zenit San Pietroburgo 2009-2014, Roma 2016-2017, Inter 2017-2019, Napoli 2021-Luciano Spalletti
95%
Fiorentina 2001-2002, Lazio 2002-2004, Inter 2004-2008, Manchester City 2009-2013, Galatasaray 2013-2014, Inter 2014-2016, Zenit San Pietroburgo 2017-2018, Italia 2018-Roberto Mancini
91%
Sion 2013, Palermo 2013, OFI Creta 2014, Pisa 2015-2017, Milan 2017-2019, Napoli 2019-2021, Valencia 2022-2023Gennaro Ivan Gattuso
89%
Vigor Lamezia 1986-1987, Campania Puteolana 1987-1988, Cagliari 1988-1991, Napoli 1991-1992, Fiorentina 1993-1997, Valencia 1997-1999, Atletico Madrid 1999-2000, Chelsea 2000-2004, Valencia 2004-2005, Parma 2007, Juventus 2007-2009, Roma 2009-20211, Inter 2011-2012, Monaco 2012-2014, Grecia 2014, Leicester City 2015-2017, Nantes 2017-2018, Fulham 2018-2019, Roma 2019, Sampdoria 2019-2021, Watford 2021-2022, Cagliari 2023-Claudio Ranieri
86%
Lumezzane 2010-2012, Livorno 2012-2014, Bari 2014-2015, Crotone 2016-2017, Udinese 2018-2019, Genoa 2019-2020, Torino 2021, Salernitana 2022-2023Davide Nicola
81%
Pontedera 1985-1986, Siena 1986-1987, Pistoiese 1987-1988, Carrarese 1988-1989, Cesena 1989-1991, Lucchese 1991-1992, Atalanta 1992-1993, Napoli 1993-1994, Juventus 1994-1999, Inter 1999-2000, Juventus 2001-2004, Italia 2004-2006, Italia 2008-2010, Guangzhou Evergrande 2012-2014, Cina 2016-2019, Cina 2019Marcello Lippi
81%
Atalanta 1993-1994, Lecce 1997-1998, Hellas Verona 1998-2000, Venezia 2000-2001, Parma 2002-2004, Roma 2004, Fiorentina 2005-2010, Italia 2010-2014, Galatasaray 2014, Valencia 2016, Al-Nassr 2017-2018, Genoa 2018-2019, Fiorentina 2020-2021Cesare Prandelli
78%
Montebelluna 1999-2000, Pievigina 2000-2001, Bassano Virtus 2001-2004, Italia Under-17 2006-2008, Treviso 2008-2009, Triestina 2009, Udinese 2019-2021, Spezia 2022-2023Luca Gotti
57%
Ascoli 1969-1975, Fiorentina 1975-1978, Catanzaro 1978-1980, Ascoli 1980-1984, Bologna 1985-1986, Lecce 1987-1990, Pescara 1990, Cagliari 1991-1993, Roma 1993-1996, Cagliari 1996-1997, Napoli 1997, Bologna 1998-1999, Perugia 1999-2000, Brescia 2000-2003, Livorno 2006Carlo Mazzone
46%
Triestina 1947-1950, Treviso 1950-1953, Triestina 1953-1954, Padova 1954-1961, Italia Olimpica 1960, Milan 1961-1963 Milan, Torino 1963-1967, Milan 1967-1974, Fiorentina 1974-1975, Milan 1977Nereo Rocco
45%
Porretta C.F.G.C. 2002-2004, Prato 2005-2007, Foligno 2007-2008, Cesena 2008-2010, Cagliari 2010, Bologna 2011, Cesena 2012-2014, Perugia 2015-2016, Vicenza 2016-2017, Padova 2017-2019, Cremonese 2020-2021, Cosenza 2022, Südtirol 2022-Pierpaolo Bisoli
39%
Manzanese 1993-1994, Triestina 1998-1999, Spezia 1999-2002, Vicenza 2002-2003, Atalanta 2003-2004, Bologna 2005-2006, Padova 2006-2007, Siena 2007, Sassuolo 2008-2009, CFR Cluj 2009-2010, Hellas Verona 2010-2015, Genoa 2017, Cremonese 2018, Padova 2020-2021Andrea Mandorlini
38%
Pontevecchio 1990-1995, Arezzo 1995-2000, Perugia 2000-2004, Genoa 2004-2005, Udinese 2005-2006, Brescia 2007-2008, Livorno 2009-2010, Palermo 2011, Lecce 2011-2012, Siena 2012, Pescara 2014, Trapani 2015-2016, Ascoli 2017-2018, Venezia 2019, Perugia 2020, Crotone 2021, Rijeka 2022Serse Cosmi
38%
Perugia 1974-1980, Lazio 1980-1982, Milan 1982-1984, Inter 1984-1985, Ascoli 1986-1988, Pescara 1989, Pisa 1991-1992, Perugia 1993-1995, Perugia 1998-1999Ilario Castagner
14%

Distribuzione punteggi

Percentile per numero di risposta

Percentuale di utenti per punteggio

I tuoi punteggi nel tempo

Non hai fatto questo quiz